000 00488nam a2200181Ia 4500
003 LK-CoDNM
005 20240920125843.0
008 010623t1839 xxu||||| |||| 00| 1 eng d
040 _aLK-CoDNM
_dLK-CoDNM
_eLK-CoDNM
041 _aeng
080 _a15
_bB10
100 _aMarshall,Charles.
245 _aJudgments and other Decisions and Directions of the Supreme Court
260 _bBoule Co.
_aParis
_c1839
300 _bix, 660p. : 21 cm
650 _aSupreme Court
942 _cBK
999 _c81157
_d81157